[Event "Berlin-ch Seniors op 31st"]
[Site "Berlin"]
[Date "2015.02.04"]
[Round "6"]
[White "Sehm, Andreas"]
[Black "Gnass, Erhard"]
[Result "1-0"]
[WhiteElo "1515"]
[BlackElo "1377"]
[PlyCount "57"]
[EventDate "2015.01.29"]
[EventType "swiss"]
[EventRounds "9"]
[EventCountry "GER"]
[SourceTitle "EXT 2018"]
[Source "ChessBase"]
[SourceDate "2017.10.13"]
[SourceVersion "1"]
[SourceVersionDate "2017.10.13"]
[SourceQuality "1"]

1. e4 e5 2. Nf3 Nc6 3. Bc4 Nf6 4. Nc3 Be7 5. 0-0 0-0 6. a3 d6 7. h3 a6 8. d4 b5 9. Bb3 Re8 10. Be3 h6 11. Qd2 Kh7 12. Bxf7 Rf8 13. Ba2 Ng8 14. Nd5 Bf6 15. dxe5 Nxe5 16. Nxe5 Bxe5 17. c3 c6 18. Bb6 Qh4 19. f4 cxd5 20. fxe5 Rxf1+ 21. Rxf1 Qe7 22. Qxd5 Bb7 23. Qxd6 Re8 24. Rf7 Qxd6 25. exd6 Bc6 26. d7 Bxd7 27. Rxd7 Nf6 28. Ra7 Rxe4 29. Bb1 1-0

[Event "Berlin-ch Seniors op 24th"]
[Site "Berlin"]
[Date "2008.02.29"]
[Round "9"]
[White "Sehm, Andreas"]
[Black "Bauer, Stefan"]
[Result "1-0"]
[WhiteElo "1697"]
[BlackElo "1521"]
[PlyCount "63"]
[EventDate "2008.02.21"]
[EventType "swiss"]
[EventRounds "9"]
[EventCountry "GER"]
[SourceTitle "EXT 2022"]
[Source "ChessBase"]
[SourceDate "2021.10.06"]
[SourceVersion "1"]
[SourceVersionDate "2021.10.06"]
[SourceQuality "1"]

1. e4 c5 2. Nf3 Nc6 3. d4 cxd4 4. Nxd4 Nf6 5. Nc3 a6 6. Be3 e6 7. Be2 Bb4 8. f3 Ne5 9. a3 Ba5 10. b4 Bc7 11. 0-0 b6 12. f4 Ng6 13. f5 Ne5 14. Bg5 b5 15. fxe6 dxe6 16. Bxf6 gxf6 17. Bh5 Bb6 18. Nce2 Ng6 19. Kh1 Bb7 20. Bf3 Qe7 21. Nb3 e5 22. Ng3 Rd8 23. Qc1 Nf4 24. Nf5 Qf8 25. Qb2 Ne6 26. Rad1 Rxd1 27. Rxd1 Bc7 28. Qc3 Bb8 29. Na5 Nd4 30. Nxb7 Kd7 31. Nxd4 exd4 32. Rxd4+ 1-0

[Event "Berlin-ch Seniors op 24th"]
[Site "Berlin"]
[Date "2008.02.28"]
[Round "8"]
[White "Prix, Siegfried"]
[Black "Sehm, Andreas"]
[Result "1-0"]
[WhiteElo "1693"]
[BlackElo "1697"]
[PlyCount "75"]
[EventDate "2008.02.21"]
[EventType "swiss"]
[EventRounds "9"]
[EventCountry "GER"]
[SourceTitle "EXT 2022"]
[Source "ChessBase"]
[SourceDate "2021.10.06"]
[SourceVersion "1"]
[SourceVersionDate "2021.10.06"]
[SourceQuality "1"]

1. d4 Nf6 2. Nf3 g6 3. Nc3 Bg7 4. e4 d6 5. Be2 0-0 6. 0-0 e5 7. dxe5 dxe5 8. Qxd8 Rxd8 9. Bg5 c6 10. Nxe5 Re8 11. Nc4 Nxe4 12. Nxe4 Rxe4 13. Bd3 Rd4 14. Rfe1 Be6 15. Ne3 Nd7 16. a3 b5 17. Rad1 f6 18. Nf1 Bf7 19. Bd2 Ne5 20. Bc3 Rdd8 21. Be4 Bd5 22. Bxd5+ cxd5 23. Ne3 d4 24. Bxd4 Nc6 25. Bc3 a5 26. Nd5 Kf7 27. b4 axb4 28. Nxb4 Ne5 29. Bxe5 fxe5 30. Rxd8 Rxd8 31. Kf1 Ra8 32. Nd3 e4 33. Rxe4 Rxa3 34. Rb4 Rc3 35. Ne1 Rc5 36. Rb3 h5 37. Ke2 Bc3 38. Nd3 1-0

[Event "Berlin-ch Seniors op 24th"]
[Site "Berlin"]
[Date "2008.02.26"]
[Round "6"]
[White "Muenster, Heinz Juergen"]
[Black "Sehm, Andreas"]
[Result "1/2-1/2"]
[WhiteElo "1591"]
[BlackElo "1697"]
[PlyCount "67"]
[EventDate "2008.02.21"]
[EventType "swiss"]
[EventRounds "9"]
[EventCountry "GER"]
[SourceTitle "EXT 2022"]
[Source "ChessBase"]
[SourceDate "2021.10.06"]
[SourceVersion "1"]
[SourceVersionDate "2021.10.06"]
[SourceQuality "1"]

1. d4 Nf6 2. c4 g6 3. Nc3 Bg7 4. e4 d6 5. Nf3 0-0 6. Be2 e5 7. dxe5 dxe5 8. Be3 Nc6 9. 0-0 a6 10. a3 Be6 11. Qc2 Qc8 12. Rfd1 h6 13. Nd5 Kh7 14. Nxf6+ Bxf6 15. Rd2 Bg7 16. Rad1 f5 17. exf5 Bxf5 18. Bd3 Rf7 19. Nh4 Qe6 20. Bxf5 gxf5 21. f3 Qf6 22. Bf2 Kg8 23. g3 Re8 24. Re1 Rd8 25. Rde2 Nd4 26. Bxd4 exd4 27. Re8+ Rxe8 28. Rxe8+ Bf8 29. Re1 Kg7 30. Qd3 Bd6 31. f4 c5 32. Nf3 b6 33. Kf2 Re7 34. b3 1/2-1/2

[Event "Berlin-ch Seniors op 24th"]
[Site "Berlin"]
[Date "2008.02.23"]
[Round "3"]
[White "Sehm, Andreas"]
[Black "Barwich, Alfred"]
[Result "1-0"]
[WhiteElo "1697"]
[BlackElo "1919"]
[PlyCount "150"]
[EventDate "2008.02.21"]
[EventType "swiss"]
[EventRounds "9"]
[EventCountry "GER"]
[SourceTitle "EXT 2022"]
[Source "ChessBase"]
[SourceDate "2021.10.06"]
[SourceVersion "1"]
[SourceVersionDate "2021.10.06"]
[SourceQuality "1"]

1. e4 e5 2. Nf3 Nc6 3. Bc4 Be7 4. 0-0 Nf6 5. Nc3 0-0 6. d3 d6 7. Be3 Na5 8. Bb3 c6 9. Qd2 Nxb3 10. axb3 c5 11. h3 Bd7 12. Ne2 Ne8 13. Ng3 Nc7 14. b4 b6 15. bxc5 bxc5 16. Kh2 Re8 17. Rg1 g6 18. Ng5 f6 19. Nf3 Ne6 20. Ne2 g5 21. Nc3 Bc6 22. Nd5 Bf8 23. c4 Bg7 24. g4 Nc7 25. Rg2 Qb8 26. h4 h6 27. h5 Nxd5 28. cxd5 Bd7 29. Rgg1 Qb7 30. Kh3 Reb8 31. Rgb1 Qc8 32. Nh2 Rb3 33. Ra3 Rb4 34. Qc2 Qb7 35. Bd2 Rb5 36. f3 Rb8 37. Bc3 Bc8 38. Nf1 Qc7 39. Ne3 Bf8 40. Nc4 Qf7 41. Kg3 f5 42. Qf2 fxg4 43. fxg4 Qxf2+ 44. Kxf2 Bxg4 45. Rxa7 Rb3 46. Rba1 Bc8 47. Ra8 Bg4 48. Rxb8 Rxb8 49. Rh1 Be7 50. Ne3 Rf8+ 51. Ke1 Bd7 52. Ke2 Ra8 53. Nc4 Ra6 54. Ne3 Bf8 55. Kd2 Ra7 56. Kc2 Bc8 57. Kb1 Rf7 58. Bd2 Rf3 59. Kc2 Bd7 60. Kc3 Be7 61. b4 cxb4+ 62. Kxb4 Rf2 63. Kc3 g4 64. Rg1 Bd8 65. Nc4 Rf3 66. Bxh6 Rh3 67. Nxd6 Bb6 68. Rg2 Bd4+ 69. Kc4 Rxh5 70. Bd2 Rh3 71. Nf5 Bxf5 72. exf5 g3 73. d6 Kf7 74. Bg5 Bf2 75. d7 Bb6 1-0

[Event "Berlin-ch Seniors op 23rd"]
[Site "Berlin"]
[Date "2007.02.11"]
[Round "7"]
[White "Windmueller, Werner"]
[Black "Sehm, Andreas"]
[Result "1-0"]
[WhiteElo "1698"]
[BlackElo "1749"]
[PlyCount "41"]
[EventDate "2007.02.05"]
[EventType "swiss"]
[EventRounds "9"]
[EventCountry "GER"]
[SourceTitle "EXT 2022"]
[Source "ChessBase"]
[SourceDate "2021.10.06"]
[SourceVersion "1"]
[SourceVersionDate "2021.10.06"]
[SourceQuality "1"]

1. d4 Nf6 2. c4 g6 3. Nc3 Bg7 4. e4 d6 5. Be2 0-0 6. Be3 Nbd7 7. Rb1 e5 8. dxe5 Nxe5 9. h3 Be6 10. b3 a6 11. Nf3 Nfd7 12. Qc1 f5 13. Ng5 Qe7 14. Nxe6 Qxe6 15. Nd5 Rac8 16. 0-0 c6 17. Nf4 Qe7 18. exf5 Rxf5 19. Qd2 Rcf8 20. Rbd1 Bh6 21. Nxg6 1-0

[Event "Berlin-ch Seniors op 23rd"]
[Site "Berlin"]
[Date "2007.02.09"]
[Round "5"]
[White "Mueller, Johannes1"]
[Black "Sehm, Andreas"]
[Result "1-0"]
[WhiteElo "1667"]
[BlackElo "1749"]
[PlyCount "83"]
[EventDate "2007.02.05"]
[EventType "swiss"]
[EventRounds "9"]
[EventCountry "GER"]
[SourceTitle "EXT 2022"]
[Source "ChessBase"]
[SourceDate "2021.10.06"]
[SourceVersion "1"]
[SourceVersionDate "2021.10.06"]
[SourceQuality "1"]

1. e4 c5 2. Nf3 d6 3. d4 cxd4 4. Qxd4 Nc6 5. Bb5 Bd7 6. Bxc6 Bxc6 7. Nc3 Nf6 8. Bg5 e6 9. 0-0-0 Be7 10. Rhe1 0-0 11. Qd2 a6 12. Kb1 Rc8 13. Nd4 h6 14. h4 hxg5 15. hxg5 Nh7 16. f4 e5 17. Nxc6 bxc6 18. g3 exf4 19. gxf4 g6 20. Rh1 f6 21. Rxh7 Kxh7 22. Qh2+ Kg7 23. Qh6+ Kf7 24. Qh7+ Ke8 25. Qxg6+ Kd7 26. gxf6 Rxf6 27. Qg4+ Kc7 28. e5 Rf8 29. f5 Rg8 30. Qc4 Kb7 31. f6 Bxf6 32. exf6 Qxf6 33. Ne4 Qg6 34. Qb4+ Kc7 35. Nxd6 Rb8 36. Qa5+ Rb6 37. Nc4 Rgb8 38. Qe5+ Kc8 39. Nxb6+ Rxb6 40. Qh8+ Kc7 41. Qd8+ Kb7 42. Rd7# 1-0

[Event "Berlin-ch Seniors op 23rd"]
[Site "Berlin"]
[Date "2007.02.05"]
[Round "1"]
[White "Loos, Wolfgang"]
[Black "Sehm, Andreas"]
[Result "0-1"]
[WhiteElo "1391"]
[BlackElo "1749"]
[PlyCount "68"]
[EventDate "2007.02.05"]
[EventType "swiss"]
[EventRounds "9"]
[EventCountry "GER"]
[SourceTitle "EXT 2022"]
[Source "ChessBase"]
[SourceDate "2021.10.06"]
[SourceVersion "1"]
[SourceVersionDate "2021.10.06"]
[SourceQuality "1"]

1. e4 e5 2. Nf3 Nc6 3. Bc4 Bc5 4. c3 Nf6 5. d4 exd4 6. cxd4 Bb4+ 7. Bd2 Bxd2+ 8. Nbxd2 d5 9. exd5 Nxd5 10. Qe2+ Nce7 11. 0-0 0-0 12. h3 Ng6 13. Rae1 c6 14. Nh2 Be6 15. Ndf3 Qd6 16. Qc2 Rae8 17. Ng5 Ndf4 18. Nxe6 Nxe6 19. Bxe6 Rxe6 20. Qc3 Rfe8 21. Rxe6 Rxe6 22. Nf3 Qd5 23. b3 Nf4 24. Kh1 h6 25. Re1 a6 26. Rxe6 Qxe6 27. Qa5 Qg6 28. Qd8+ Kh7 29. Nh4 Qe4 30. Kh2 Qc2 31. Qe8 Qxf2 32. Qe4+ g6 33. Nf5 Ne6 34. Ne3 Ng5 0-1